Approximation algorithms (Record no. 1097)

000 -LEADER
fixed length control field 00526nam a22002054a 4500
001 - CONTROL NUMBER
control field 1097
003 - CONTROL NUMBER IDENTIFIER
control field BD-DhUET
008 - FIXED-LENGTH DATA ELEMENTS--GENERAL INFORMATION
fixed length control field 010605s2001 gw a b 001 0 eng
020 ## - INTERNATIONAL STANDARD BOOK NUMBER
International Standard Book Number 3540653678
040 ## - CATALOGING SOURCE
Original cataloging agency DLC
Transcribing agency DLC
Modifying agency BD-DhUET
082 00 - DEWEY DECIMAL CLASSIFICATION NUMBER
Classification number 005.1
Item number VAZ/2003
100 1# - MAIN ENTRY--PERSONAL NAME
Personal name Vazirani, Vijay V.
245 10 - TITLE STATEMENT
Title Approximation algorithms
250 ## - EDITION STATEMENT
Edition statement 1st ed.
260 ## - PUBLICATION, DISTRIBUTION, ETC. (IMPRINT)
Place of publication, distribution, etc. Berlin
Name of publisher, distributor, etc. Springer-Verlag
Date of publication, distribution, etc. 2003
300 ## - PHYSICAL DESCRIPTION
Extent xix, 380 p.
Other physical details ill.
Dimensions 25 cm.
504 ## - BIBLIOGRAPHY, ETC. NOTE
Bibliography, etc Includes bibliographies
650 #0 - SUBJECT ADDED ENTRY--TOPICAL TERM
Topical term or geographic name as entry element Computer algorithms
942 ## - ADDED ENTRY ELEMENTS (KOHA)
Koha item type General Book
Holdings
Date acquired Piece designation (barcode) Lost status Koha full call number Koha item type Damaged status Koha date last borrowed Price effective from Copy number Not for loan Withdrawn status Source of classification or shelving scheme Shelving location Location (home branch) Koha issues (times borrowed) Sublocation or collection (holding branch) Koha normalized classification for sorting Koha date last seen
2014-08-30106766 005.1/VAZ/2003General Book  2014-08-301   Circulation sectionCentral Library, BUET Central Library, BUET005_000000000000000_1VAZ20032014-08-30
2014-08-30108057 005.1/VAZ/2003General Book 2014-11-052014-08-302   Circulation sectionCentral Library, BUET1Central Library, BUET005_000000000000000_1VAZ20032015-10-12
2014-10-13106767 005.1/VAZ/2003General Book 2022-12-032014-10-133   Circulation sectionCentral Library, BUET1Central Library, BUET005_000000000000000_1VAZ20032022-12-17
2016-05-29108056 005.1/VAZ/2003General Book 2023-03-062016-05-294   Circulation sectionCentral Library, BUET1Central Library, BUET005_100000000000000_VAZ_20032023-05-06